Statystyki dla Państwa, które pokonały RPA

Kliknij tutaj aby rozwiązać quiz!

Ogólne statystyki

  • Ten quiz został rozwiązany 38 razy
  • Średni wynik to 10 z 17

Statystyki odpowiedzi

RangaKategoriaPaństwo% Poprawnych
8Większa ilość dzikich słoniBotswana | Zimbabwe | Tanzania |
Indie | Kenia | Namibia | Zambia
97%
6Bardziej zaludnione państwo afrykańskieNigeria | Etiopia | Egipt | Demokratyczna Republika Konga | Tanzania
97%
5Państwo bardziej wysunięte na południe
* Nie uwzględnia terytoriów zamorskich
Chile | Argentyna |
Australia | Nowa Zelandia
94%
9Większe państwo w Afryce według powierzchniAlgieria | Demokratyczna Republika Konga | Sudan | Libia | Czad | Niger | Angola | Mali
91%
4 (t)Większa ilość oceanów graniczącychKanada | Rosja | Stany Zjednoczone
78%
4Afrykańskie państwo o dłuższej linii brzegowejMadagaskar | Mozambik | Egipt
78%
2Więcej innych państw, których terytorium całkowicie otacza inne państwaWłochy
75%
8 (t)Większa produkcja złota (2018)Chiny | Australia | Rosja | Stany Zjednoczone | Kanada | Peru | Indonezja
69%
5Wcześniejsza legalizacja małżeństw osób tej samej płciHolandia | Belgia | Hiszpania | Kanada
56%
8Większe HDI w Afryce
* HDI mierzy zdrowie, edukację i dochód
Seszele | Mauritius | Algieria | Tunezja | Botswana | Libia | Gabon
53%
3Nowsze państwo będące
gospodarzem mistrzostw świata w piłce nożnej mężczyzn
Rosja | Brazylia
50%
2Większa ilość ludzi pochodzenia holenderskiego
* Nie uwzględnia Holandii
Stany Zjednoczone
47%
8Wyższy wskaźnik morderstwSalwador | Jamajka | Wenezuela | Honduras | Lesotho | Belize | Saint Vincent i Grenadyny
31%
2 (t)Większa ilość 3 najlepszych
finiszów w Pucharze Świata w Rugby
Nowa Zelandia
28%
16Wyższe zróżnicowanie dochodów między
najbogatszymi 10% a najbiedniejszymi 10%
Namibia | Boliwia | Sierra Leone | Republika
Środkowoafrykańska | Kolumbia | Honduras | Haiti | Panama |
Niger | Botswana | Lesotho | Paragwaj |
Salwador | Ekwador | Gwatemala
16%
3Większa liczba języków urzędowychBoliwia | Zimbabwe
13%
2Państwo z bardziej zaludnionym obszarem miejskim
zaczynającym się na literę J
Indonezja
9%

Rozkład punktacji

Percentyl według liczby udzielonych odpowiedzi

Procent ludzi z każdym wynikiem

Twoja historia wyników

Nie rozwiązałeś tego quizu